000 00278nam a22001337a 4500
008 170921b xxu||||| |||| 00| 0 eng d
020 _a9780517599662
041 _aeng
080 _a7
100 _a45
101 _aART
245 _aPOCKET PAINTERS
_cMONET
942 _2udc
_cBK
999 _c28620
_d28620